Statistics for Name the Ariana Grande song

Click here to take the quiz!

General Stats

  • This quiz has been taken 1,191 times
  • The average score is 5 of 8

Answer Stats

HintAnswer% Correct
"Can't you forgive me, at least just temporarily..."One last time
84%
"Thought on your body, I came alive..."Break free
78%
"Even though I hate ya, I wanna love ya..."Problem
74%
"Take my breath and, never let it go.."Love me harder
69%
"Stars fall, and the world goes blind boy.."Best mistake
53%
"Its the way you talk, the way you walk, the way you make me feel inside.."Daydreaming
44%
"Nothings ever easy, thats what they say..."Just a little bit of your heart
39%
"Now its probably hard for you to hear, but theres nothing left for you to say..."You'll never know
23%

Score Distribution

Percentile by Number Answered

Percent of People with Each Score

Your Score History

You have not taken this quiz